| 000 | 00605nam a2200193Ia 4500 | ||
|---|---|---|---|
| 005 | 20250508155717.0 | ||
| 008 | 008 250505s9999 xx 000 0 eng d | ||
| 037 | _aDissertations | ||
| 040 |
_aFEDL _beng _cFEDL |
||
| 041 |
_aeng _2eng |
||
| 084 |
_a371.209 542 5, RAI/DI _qFEDL |
||
| 100 |
_aRai Sheo Deo _9767289 |
||
| 245 | 0 | _aCritical study of social and power structure of an intermediate college in U.P. | |
| 260 | _c1971 | ||
| 300 | _aii,170p. | ||
| 546 | _aM. Ed. Dissertation (Delhi University) | ||
| 942 |
_cDIS _h371.209 542 5, RAI/DI |
||
| 999 |
_c1358909 _d1358909 |
||